[Event "Masters Tournament (MTO)"]
[Site "Biel, CH"]
[Date "2025.07.16"]
[Round "3"]
[White "Hottinger, Simon"]
[Black "Paul, Mathias"]
[Result "1-0"]
[Board "45"]
[WhiteFideId "1350552"]
[BlackFideId "24694606"]
[WhiteElo "1913"]
[BlackElo "2051"]
[WhiteTeam "SUI"]
[BlackTeam "GER"]
[WhiteClock "0:12:08"]
[BlackClock "0:00:32"]
[Variant "Standard"]

1. e4 {[%clk 1:40:57]}  c5 {[%clk 1:40:53]} 2. Nf3 {[%clk 1:41:18]}  e6 {[%clk 1:41:15]} 3. d4 {[%clk 1:41:37]}  cxd4 {[%clk 1:41:33]} 4. Nxd4 {[%clk 1:41:59]}  Nf6 {[%clk 1:41:53]} 5. Nc3 {[%clk 1:41:48]}  Nc6 {[%clk 1:42:08]} 6. Ndb5 {[%clk 1:42:05]}  Bc5 {[%clk 1:41:20]} 7. Bf4 {[%clk 1:41:34]}  O-O {[%clk 1:40:31]} 8. Bc7 {[%clk 1:41:54]}  Qe7 {[%clk 1:40:33]} 9. Bd6 {[%clk 1:42:17]}  Bxd6 {[%clk 1:40:51]} 10. Qxd6 {[%clk 1:42:42]}  Qd8 {[%clk 1:40:09]} 11. Be2 {[%clk 1:29:28]}  a6 {[%clk 1:35:32]} 12. Nc7 {[%clk 1:24:12]}  Ra7 {[%clk 1:26:24]} 13. e5 {[%clk 1:21:57]}  Ne8 {[%clk 1:06:24]} 14. Nxe8 {[%clk 1:21:44]}  Rxe8 {[%clk 1:06:43]} 15. f4 {[%clk 1:09:18]}  Qb6 {[%clk 0:51:06]} 16. O-O-O {[%clk 1:08:24]}  Qe3+ {[%clk 0:50:58]} 17. Qd2 {[%clk 1:08:53]}  Qxd2+ {[%clk 0:42:42]} 18. Rxd2 {[%clk 1:06:09]}  f6 {[%clk 0:43:04]} 19. Bf3 {[%clk 0:55:38]}  Ne7 {[%clk 0:30:04]} 20. Ne4 {[%clk 0:52:17]}  Rf8 {[%clk 0:28:38]} 21. Nd6 {[%clk 0:47:59]}  b5 {[%clk 0:23:35]} 22. Be4 {[%clk 0:46:03]}  Rc7 {[%clk 0:19:56]} 23. exf6 {[%clk 0:41:45]}  gxf6 {[%clk 0:17:22]} 24. Rhd1 {[%clk 0:31:56]}  f5 {[%clk 0:14:40]} 25. Bf3 {[%clk 0:31:03]}  Rd8 {[%clk 0:12:50]} 26. h3 {[%clk 0:22:56]}  Ng6 {[%clk 0:10:44]} 27. g3 {[%clk 0:22:20]}  Kf8 {[%clk 0:10:44]} 28. Kb1 {[%clk 0:22:20]}  Ke7 {[%clk 0:10:44]} 29. c3 {[%clk 0:22:20]}  Nh8 {[%clk 0:05:11]} 30. g4 {[%clk 0:18:44]}  Ng6 {[%clk 0:03:16]} 31. gxf5 {[%clk 0:18:57]}  Nxf4 {[%clk 0:03:11]} 32. fxe6 {[%clk 0:08:27]}  Nxe6 {[%clk 0:03:04]} 33. Bg4 {[%clk 0:08:13]}  Rf8 {[%clk 0:02:08]} 34. Nf5+ {[%clk 0:06:50]}  Kf6 {[%clk 0:01:16]} 35. Rf2 {[%clk 0:06:18]}  Bb7 {[%clk 0:00:41]} 36. Nd4+ {[%clk 0:02:15]}  Ke7 {[%clk 0:01:10]} 37. Re2 {[%clk 0:01:37]}  Rf6 {[%clk 0:00:39]} 38. Rde1 {[%clk 0:01:17]}  Bd5 {[%clk 0:00:34]} 39. Re5 {[%clk 0:01:45]}  Bc4 {[%clk 0:00:37]} 40. b3 {[%clk 0:01:26]}  Bd3+ {[%clk 0:00:46]} 41. Kb2 {[%clk 0:01:08]}  Rf2+ {[%clk 0:23:01]} 42. Ka3 {[%clk 0:30:05]}  Rxc3 {[%clk 0:18:32]} 43. Kb4 {[%clk 0:30:05]}  Rc8 {[%clk 0:19:11]} 44. Nxe6 {[%clk 0:30:05]}  a5+ {[%clk 0:12:29]} 45. Kxa5 {[%clk 0:28:47]}  Ra8+ {[%clk 0:09:19]} 46. Kb6 {[%clk 0:25:53]}  dxe6 {[%clk 0:09:01]} 47. Rxe6+ {[%clk 0:25:31]}  Kf8 {[%clk 0:07:31]} 48. R1e3 {[%clk 0:22:57]}  Bf1 {[%clk 0:05:48]} 49. Bf3 {[%clk 0:17:48]}  Raxa2 {[%clk 0:05:17]} 50. Re8+ {[%clk 0:17:23]}  Kg7 {[%clk 0:04:11]} 51. R8e7+ {[%clk 0:14:26]}  Kf6 {[%clk 0:03:51]} 52. Rxh7 {[%clk 0:13:30]}  Kg5 {[%clk 0:02:38]} 53. Bg4 {[%clk 0:12:30]}  Rf6+ {[%clk 0:01:49]} 54. Kc5 {[%clk 0:20:31]}  Rc2+ {[%clk 0:01:58]} 55. Kb4 {[%clk 0:16:58]}  Rf4+ {[%clk 0:01:56]} 56. Ka5 {[%clk 0:16:27]}  Ra2+ {[%clk 0:01:51]} 57. Kb6 {[%clk 0:21:22]}  Rf6+ {[%clk 0:01:24]} 58. Re6 {[%clk 0:19:55]}  Rxe6+ {[%clk 0:01:28]} 59. Bxe6 {[%clk 0:19:19]}  Kg6 {[%clk 0:00:38]} 60. Bf5 {[%clk 0:17:57]}  Kf6 {[%clk 0:00:43]} 61. Bd7 {[%clk 0:17:52]}  Rh2 {[%clk 0:00:02]} 62. Bxb5 {[%clk 0:16:21]}  Rxh3 {[%clk 0:01:10]} 63. Rxh3 {[%clk 0:16:21]}  Bxh3 {[%clk 0:01:38]} 64. b4 {[%clk 0:15:35]}  Ke5 {[%clk 0:01:32]} 65. Kc5 {[%clk 0:14:18]}  Bf5 {[%clk 0:00:57]} 66. Bc6 {[%clk 0:13:32]}  Bd3 {[%clk 0:00:46]} 67. Bd5 {[%clk 0:13:10]}  Ba6 {[%clk 0:00:32]} 68. Bc4 {[%clk 0:14:09]}  Bc8 {[%clk 0:00:28]} 69. b5 {[%clk 0:13:46]}  Bb7 {[%clk 0:00:48]} 70. b6 {[%clk 0:13:53]}  Bf3 {[%clk 0:00:09]} 71. Bb5 {[%clk 0:12:37]}  Bb7 {[%clk 0:00:58]} 72. Bc6 {[%clk 0:14:14]}  Ba6 {[%clk 0:01:14]} 73. Bg2 {[%clk 0:13:36]}  Ke6 {[%clk 0:00:25]} 74. Kc6 {[%clk 0:14:22]}  Ke5 {[%clk 0:00:37]} 75. Kc7 {[%clk 0:12:51]}  Kd4 {[%clk 0:00:32]} 76. Bf1 {[%clk 0:12:08]} 1-0

[Event "Masters Tournament (MTO)"]
[Site "Biel, CH"]
[Date "2025.07.16"]
[Round "3"]
[White "Stevens, Christian"]
[Black "Faraone, Ettore"]
[Result "1/2-1/2"]
[Board "46"]
[WhiteFideId "649090"]
[BlackFideId "1311484"]
[WhiteElo "2050"]
[BlackElo "1979"]
[WhiteTeam "FRA"]
[BlackTeam "SUI"]
[WhiteClock "0:15:49"]
[BlackClock "0:32:04"]
[Variant "Standard"]

1. e4 {[%clk 1:40:40]}  c5 {[%clk 1:40:44]} 2. Nc3 {[%clk 1:41:03]}  a6 {[%clk 1:41:10]} 3. g3 {[%clk 1:41:26]}  Nc6 {[%clk 1:39:56]} 4. Bg2 {[%clk 1:41:49]}  d6 {[%clk 1:40:01]} 5. d3 {[%clk 1:42:11]}  g6 {[%clk 1:39:27]} 6. Be3 {[%clk 1:41:29]}  Bg7 {[%clk 1:39:46]} 7. Qd2 {[%clk 1:39:19]}  Nf6 {[%clk 1:39:01]} 8. h3 {[%clk 1:39:31]}  h5 {[%clk 1:37:22]} 9. f4 {[%clk 1:37:24]}  Bd7 {[%clk 1:35:34]} 10. Nf3 {[%clk 1:34:55]}  b5 {[%clk 1:35:05]} 11. Nd1 {[%clk 1:24:54]}  c4 {[%clk 1:29:52]} 12. O-O {[%clk 1:22:48]}  Qc8 {[%clk 1:29:03]} 13. Nf2 {[%clk 1:22:49]}  d5 {[%clk 1:16:29]} 14. e5 {[%clk 1:19:24]}  Ng8 {[%clk 1:16:28]} 15. dxc4 {[%clk 1:17:17]}  dxc4 {[%clk 1:12:22]} 16. Ng5 {[%clk 1:08:04]}  Nh6 {[%clk 1:10:51]} 17. Rad1 {[%clk 1:04:42]}  Nf5 {[%clk 1:08:48]} 18. Nfe4 {[%clk 1:02:32]}  O-O {[%clk 1:00:21]} 19. Bf2 {[%clk 0:54:47]}  Rd8 {[%clk 0:57:42]} 20. Bb6 {[%clk 0:53:30]}  Qb7 {[%clk 0:49:57]} 21. Bxd8 {[%clk 0:53:06]}  Rxd8 {[%clk 0:49:49]} 22. Qf2 {[%clk 0:51:50]}  Qc7 {[%clk 0:47:08]} 23. Rd2 {[%clk 0:42:05]}  Rf8 {[%clk 0:36:52]} 24. Rfd1 {[%clk 0:40:07]}  Be8 {[%clk 0:35:45]} 25. Nc5 {[%clk 0:36:15]}  Ncd4 {[%clk 0:29:24]} 26. Nge4 {[%clk 0:34:23]}  Ne6 {[%clk 0:23:53]} 27. Nxe6 {[%clk 0:32:50]}  fxe6 {[%clk 0:24:12]} 28. Ng5 {[%clk 0:32:29]}  Bf7 {[%clk 0:24:03]} 29. c3 {[%clk 0:30:40]}  Bh6 {[%clk 0:23:17]} 30. h4 {[%clk 0:30:34]}  Bxg5 {[%clk 0:22:18]} 31. hxg5 {[%clk 0:30:50]}  Rc8 {[%clk 0:21:39]} 32. Rd7 {[%clk 0:29:54]}  Qa5 {[%clk 0:20:54]} 33. a3 {[%clk 0:28:41]}  Be8 {[%clk 0:19:55]} 34. R7d2 {[%clk 0:26:59]}  Qc7 {[%clk 0:19:31]} 35. Kh2 {[%clk 0:24:03]}  Kf7 {[%clk 0:18:58]} 36. Qg1 {[%clk 0:11:58]}  Bc6 {[%clk 0:16:00]} 37. Re1 {[%clk 0:09:35]}  Bxg2 {[%clk 0:13:25]} 38. Qxg2 {[%clk 0:09:16]}  Rd8 {[%clk 0:09:57]} 39. Qe2 {[%clk 0:08:46]}  Rxd2 {[%clk 0:09:20]} 40. Qxd2 {[%clk 0:08:55]}  Qc6 {[%clk 0:09:31]} 41. Qe2 {[%clk 0:04:56]}  Qc5 {[%clk 0:09:15]} 42. Kh3 {[%clk 0:30:01]}  Qc6 {[%clk 0:36:18]} 43. Qe4 {[%clk 0:24:17]}  Qd7 {[%clk 0:34:42]} 44. Kg2 {[%clk 0:20:43]}  Qd2+ {[%clk 0:31:35]} 45. Re2 {[%clk 0:15:49]}  Qd1 {[%clk 0:32:04]} 46. Kf2 {[%clk 0:15:49]}  Kf8 {[%clk 0:32:04]} 47. Re1 {[%clk 0:15:49]}  Qd7 {[%clk 0:32:04]} 48. Qf3 {[%clk 0:15:49]}  Qd2+ {[%clk 0:32:04]} 49. Qe2 {[%clk 0:15:49]}  Qd5 {[%clk 0:32:04]} 50. Rd1 {[%clk 0:15:49]}  Qc5+ {[%clk 0:32:04]} 51. Kf3 {[%clk 0:15:49]}  Kf7 {[%clk 0:32:04]} 52. Qe4 {[%clk 0:15:49]}  Qb6 {[%clk 0:32:04]} 53. Qe1 {[%clk 0:15:49]}  Qc6+ {[%clk 0:32:04]} 54. Kf2 {[%clk 0:15:49]}  Qc5+ {[%clk 0:32:04]} 55. Kf3 {[%clk 0:15:49]}  Qc6+ {[%clk 0:32:04]} 56. Qe4 {[%clk 0:15:49]}  Qb6 {[%clk 0:32:04]} 57. Qe1 {[%clk 0:15:49]} 1/2-1/2

[Event "Masters Tournament (MTO)"]
[Site "Biel, CH"]
[Date "2025.07.16"]
[Round "3"]
[White "von Burg, Carl Alexander"]
[Black "Jakob, Simon"]
[Result "1-0"]
[Board "47"]
[WhiteFideId "1352458"]
[BlackFideId "1301110"]
[WhiteElo "1878"]
[BlackElo "2157"]
[WhiteTeam "SUI"]
[BlackTeam "SUI"]
[WhiteClock "0:07:45"]
[BlackClock "0:05:06"]
[Variant "Standard"]

1. e4 {[%clk 1:40:49]}  c5 {[%clk 1:40:41]} 2. Nf3 {[%clk 1:41:13]}  Nc6 {[%clk 1:40:54]} 3. d4 {[%clk 1:41:37]}  cxd4 {[%clk 1:41:15]} 4. Nxd4 {[%clk 1:42:00]}  Nf6 {[%clk 1:41:30]} 5. Nc3 {[%clk 1:42:17]}  e5 {[%clk 1:41:45]} 6. Ndb5 {[%clk 1:42:32]}  d6 {[%clk 1:41:38]} 7. Bg5 {[%clk 1:42:18]}  a6 {[%clk 1:41:46]} 8. Na3 {[%clk 1:42:38]}  b5 {[%clk 1:42:04]} 9. Nd5 {[%clk 1:42:43]}  Be7 {[%clk 1:42:22]} 10. Bxf6 {[%clk 1:42:30]}  Bxf6 {[%clk 1:42:36]} 11. c3 {[%clk 1:42:50]}  Rb8 {[%clk 1:41:38]} 12. Nc2 {[%clk 1:40:54]}  Bg5 {[%clk 1:41:35]} 13. g3 {[%clk 1:41:12]}  O-O {[%clk 1:39:46]} 14. h4 {[%clk 1:41:23]}  Bh6 {[%clk 1:39:34]} 15. Bh3 {[%clk 1:41:33]}  Be6 {[%clk 1:36:02]} 16. Qd3 {[%clk 1:40:16]}  Qd7 {[%clk 1:22:40]} 17. Bf5 {[%clk 1:38:31]}  Kh8 {[%clk 1:14:46]} 18. g4 {[%clk 1:24:41]}  g6 {[%clk 0:57:46]} 19. Nf6 {[%clk 1:00:00]}  Qe7 {[%clk 0:54:11]} 20. g5 {[%clk 0:58:50]}  gxf5 {[%clk 0:51:10]} 21. exf5 {[%clk 0:58:47]}  Bc4 {[%clk 0:37:31]} 22. Qf3 {[%clk 0:58:04]}  e4 {[%clk 0:36:12]} 23. Qh5 {[%clk 0:56:51]}  Rg8 {[%clk 0:28:37]} 24. Nxg8 {[%clk 0:52:29]}  Rxg8 {[%clk 0:28:45]} 25. Qxh6 {[%clk 0:52:38]}  Ne5 {[%clk 0:27:52]} 26. O-O-O {[%clk 0:40:54]}  Nd3+ {[%clk 0:19:13]} 27. Rxd3 {[%clk 0:37:07]}  Bxd3 {[%clk 0:18:10]} 28. Ne3 {[%clk 0:36:13]}  Qe5 {[%clk 0:17:54]} 29. h5 {[%clk 0:31:58]}  Rc8 {[%clk 0:15:54]} 30. f6 {[%clk 0:24:10]}  Rxc3+ {[%clk 0:15:29]} 31. Kd2 {[%clk 0:18:22]}  Rc2+ {[%clk 0:15:14]} 32. Nxc2 {[%clk 0:18:28]}  Qf4+ {[%clk 0:15:29]} 33. Kc3 {[%clk 0:16:35]}  b4+ {[%clk 0:08:04]} 34. Kb3 {[%clk 0:07:15]}  Bc4+ {[%clk 0:06:11]} 35. Ka4 {[%clk 0:07:24]}  Bb5+ {[%clk 0:05:06]} 36. Ka5 {[%clk 0:07:45]} 1-0

[Event "Masters Tournament (MTO)"]
[Site "Biel, CH"]
[Date "2025.07.16"]
[Round "3"]
[White "He, Junchen"]
[Black "Trubini, Timon"]
[Result "1-0"]
[Board "52"]
[WhiteFideId "8642427"]
[BlackFideId "1347799"]
[WhiteElo "2007"]
[BlackElo "1922"]
[WhiteTeam "CHN"]
[BlackTeam "SUI"]
[WhiteClock "0:00:38"]
[BlackClock "0:04:01"]
[Variant "Standard"]

1. d4 {[%clk 1:39:54]}  e6 {[%clk 1:40:48]} 2. Nf3 {[%clk 1:40:10]}  d5 {[%clk 1:41:11]} 3. Bf4 {[%clk 1:40:32]}  c5 {[%clk 1:41:34]} 4. e3 {[%clk 1:40:44]}  Nf6 {[%clk 1:41:55]} 5. c3 {[%clk 1:40:53]}  Bd6 {[%clk 1:42:16]} 6. Bg3 {[%clk 1:40:21]}  O-O {[%clk 1:42:11]} 7. Bd3 {[%clk 1:32:47]}  Qc7 {[%clk 1:40:03]} 8. Nbd2 {[%clk 1:32:37]}  Nbd7 {[%clk 1:40:08]} 9. O-O {[%clk 1:27:41]}  Bxg3 {[%clk 1:40:22]} 10. hxg3 {[%clk 1:28:01]}  b6 {[%clk 1:40:46]} 11. e4 {[%clk 1:21:46]}  dxe4 {[%clk 1:32:56]} 12. Nxe4 {[%clk 1:22:03]}  Bb7 {[%clk 1:32:27]} 13. Qe2 {[%clk 1:20:51]}  Rfd8 {[%clk 1:25:15]} 14. Rfe1 {[%clk 1:10:49]}  Bxe4 {[%clk 1:17:40]} 15. Bxe4 {[%clk 1:10:50]}  Nxe4 {[%clk 1:17:58]} 16. Qxe4 {[%clk 1:11:11]}  Nf6 {[%clk 1:17:43]} 17. Qh4 {[%clk 0:59:57]}  h5 {[%clk 1:12:40]} 18. Rad1 {[%clk 0:55:41]}  Rd5 {[%clk 1:09:03]} 19. Rd2 {[%clk 0:37:09]}  Rad8 {[%clk 1:06:17]} 20. Red1 {[%clk 0:36:46]}  cxd4 {[%clk 1:04:04]} 21. Rxd4 {[%clk 0:35:28]}  Rxd4 {[%clk 0:52:04]} 22. Rxd4 {[%clk 0:35:08]}  e5 {[%clk 0:52:23]} 23. Nxe5 {[%clk 0:26:47]}  Re8 {[%clk 0:45:42]} 24. Nf3 {[%clk 0:19:12]}  Re2 {[%clk 0:44:42]} 25. Rd2 {[%clk 0:12:30]}  Qe7 {[%clk 0:36:56]} 26. Kf1 {[%clk 0:12:33]}  Re4 {[%clk 0:35:57]} 27. Qg5 {[%clk 0:12:19]}  g6 {[%clk 0:30:18]} 28. Qb5 {[%clk 0:07:51]}  Qe6 {[%clk 0:27:55]} 29. b3 {[%clk 0:07:29]}  Qc8 {[%clk 0:22:40]} 30. Qd3 {[%clk 0:06:52]}  Kg7 {[%clk 0:21:53]} 31. c4 {[%clk 0:06:41]}  Re7 {[%clk 0:20:34]} 32. Qc3 {[%clk 0:01:27]}  Qe6 {[%clk 0:18:46]} 33. Qb2 {[%clk 0:01:02]}  Qf5 {[%clk 0:15:04]} 34. Nd4 {[%clk 0:00:41]}  Qg4 {[%clk 0:13:14]} 35. Nf3 {[%clk 0:00:44]}  Qf5 {[%clk 0:12:20]} 36. a3 {[%clk 0:00:36]}  Kh7 {[%clk 0:10:07]} 37. Qa1 {[%clk 0:00:36]}  Ne4 {[%clk 0:10:08]} 38. Rd8 {[%clk 0:00:40]}  f6 {[%clk 0:10:26]} 39. Qd4 {[%clk 0:00:36]}  Nc5 {[%clk 0:08:13]} 40. b4 {[%clk 0:00:40]}  Ne6 {[%clk 0:01:31]} 41. Qd6 {[%clk 0:00:38]}  Rg7 {[%clk 0:26:17]} 42. Re8 {[%clk 0:15:47]}  Ng5 {[%clk 0:21:57]} 43. Nxg5+ {[%clk 0:15:47]}  Qxg5 {[%clk 0:17:25]} 44. Qd1 {[%clk 0:10:43]}  Qf5 {[%clk 0:17:25]} 45. Rd8 {[%clk 0:03:19]}  Rc7 {[%clk 0:17:25]} 46. Rd4 {[%clk 0:10:43]}  a5 {[%clk 0:17:25]} 47. Kg1 {[%clk 0:10:43]}  axb4 {[%clk 0:17:25]} 48. axb4 {[%clk 0:10:43]}  Qe6 {[%clk 0:17:25]} 49. Qf3 {[%clk 0:10:43]}  Ra7 {[%clk 0:17:25]} 50. Qc3 {[%clk 0:10:43]}  Ra2 {[%clk 0:17:25]} 51. c5 {[%clk 0:10:43]}  bxc5 {[%clk 0:17:25]} 52. bxc5 {[%clk 0:10:43]}  g5 {[%clk 0:04:01]} 53. c6 {[%clk 0:00:38]}  Qe2 {[%clk 0:04:01]} 54. Rd7+ {[%clk 0:00:38]}  Kg6 {[%clk 0:04:01]} 55. Qd4 {[%clk 0:00:38]}  Qe1+ {[%clk 0:04:01]} 56. Kh2 {[%clk 0:00:38]}  Qb1 {[%clk 0:04:01]} 57. Rd6 {[%clk 0:00:38]}  Qf5 {[%clk 0:04:01]} 58. c7 {[%clk 0:00:38]}  Rc2 {[%clk 0:04:01]} 59. Rd7 {[%clk 0:00:38]}  Rc1 {[%clk 0:04:01]} 60. Qd2 {[%clk 0:00:38]}  Qb1 {[%clk 0:04:01]} 61. g4 {[%clk 0:00:38]}  h4 {[%clk 0:04:01]} 62. Qd3+ {[%clk 0:00:38]}  Qxd3 {[%clk 0:04:01]} 63. Rxd3 {[%clk 0:00:38]}  Rxc7 {[%clk 0:04:01]} 64. g3 {[%clk 0:00:38]}  hxg3+ {[%clk 0:04:01]} 65. Kxg3 {[%clk 0:00:38]}  Rc4 {[%clk 0:04:01]} 66. Rb3 {[%clk 0:00:38]}  Ra4 {[%clk 0:04:01]} 1-0

[Event "Masters Tournament (MTO)"]
[Site "Biel, CH"]
[Date "2025.07.16"]
[Round "3"]
[White "Jelicic, Hugo"]
[Black "Pisan, Kai"]
[Result "1/2-1/2"]
[Board "53"]
[WhiteFideId "1349040"]
[BlackFideId "39904881"]
[WhiteElo "1908"]
[BlackElo "1995"]
[WhiteTeam "SUI"]
[BlackTeam "USA"]
[WhiteClock "0:10:22"]
[BlackClock "0:02:57"]
[Variant "Standard"]

1. c4 {[%clk 1:40:57]}  e5 {[%clk 1:39:32]} 2. Nc3 {[%clk 1:41:20]}  Nf6 {[%clk 1:39:58]} 3. Nf3 {[%clk 1:41:44]}  Nc6 {[%clk 1:40:11]} 4. g3 {[%clk 1:42:08]}  d5 {[%clk 1:40:38]} 5. cxd5 {[%clk 1:42:33]}  Nxd5 {[%clk 1:41:05]} 6. Bg2 {[%clk 1:42:57]}  Nb6 {[%clk 1:41:26]} 7. O-O {[%clk 1:43:20]}  Be7 {[%clk 1:41:43]} 8. b3 {[%clk 1:43:17]}  O-O {[%clk 1:41:05]} 9. Bb2 {[%clk 1:43:33]}  Be6 {[%clk 1:40:34]} 10. Rc1 {[%clk 1:42:50]}  f6 {[%clk 1:40:25]} 11. Ne4 {[%clk 1:38:25]}  Nd7 {[%clk 1:33:50]} 12. d3 {[%clk 1:23:10]}  a5 {[%clk 1:31:22]} 13. h4 {[%clk 1:17:58]}  a4 {[%clk 1:30:07]} 14. bxa4 {[%clk 1:13:36]}  Bxa2 {[%clk 1:23:36]} 15. Qc2 {[%clk 1:10:19]}  Bf7 {[%clk 1:18:41]} 16. Rfd1 {[%clk 0:58:24]}  Bd6 {[%clk 1:10:21]} 17. Bc3 {[%clk 0:44:08]}  Nb6 {[%clk 1:01:55]} 18. Ra1 {[%clk 0:41:34]}  Na5 {[%clk 0:52:38]} 19. Rdb1 {[%clk 0:38:05]}  Be7 {[%clk 0:49:50]} 20. Rb5 {[%clk 0:33:50]}  Nc6 {[%clk 0:23:48]} 21. a5 {[%clk 0:32:55]}  Nd5 {[%clk 0:23:00]} 22. Rxb7 {[%clk 0:31:46]}  Ra6 {[%clk 0:22:42]} 23. Bd2 {[%clk 0:28:09]}  Qa8 {[%clk 0:20:22]} 24. Rb5 {[%clk 0:24:35]}  Ndb4 {[%clk 0:10:51]} 25. Bxb4 {[%clk 0:23:15]}  Nxb4 {[%clk 0:11:09]} 26. Qxc7 {[%clk 0:17:09]}  Ra7 {[%clk 0:11:33]} 27. Qc3 {[%clk 0:16:45]}  Rc8 {[%clk 0:11:24]} 28. Qd2 {[%clk 0:14:19]}  Rc2 {[%clk 0:06:02]} 29. Qd1 {[%clk 0:14:44]}  Rac7 {[%clk 0:05:33]} 30. Ne1 {[%clk 0:09:56]}  Bb3 {[%clk 0:01:51]} 31. Nxf6+ {[%clk 0:08:58]}  Bxf6 {[%clk 0:02:00]} 32. Bxa8 {[%clk 0:09:22]}  Rb2 {[%clk 0:02:26]} 33. Rxb4 {[%clk 0:09:29]}  Bxd1 {[%clk 0:02:34]} 34. Rxb2 {[%clk 0:09:56]}  e4 {[%clk 0:02:57]} 35. Rb8+ {[%clk 0:10:22]} 1/2-1/2

[Event "Masters Tournament (MTO)"]
[Site "Biel, CH"]
[Date "2025.07.16"]
[Round "3"]
[White "Hornung, Hans, Dr."]
[Black "Arulanantham, Aneet"]
[Result "1/2-1/2"]
[Board "54"]
[WhiteFideId "4615140"]
[BlackFideId "1335189"]
[WhiteElo "1905"]
[BlackElo "1985"]
[WhiteTeam "GER"]
[BlackTeam "SUI"]
[WhiteClock "0:02:58"]
[BlackClock "0:05:15"]
[Variant "Standard"]

1. e4 {[%clk 1:40:55]}  c6 {[%clk 1:40:16]} 2. c4 {[%clk 1:41:15]}  d5 {[%clk 1:40:39]} 3. exd5 {[%clk 1:41:27]}  cxd5 {[%clk 1:41:02]} 4. cxd5 {[%clk 1:41:49]}  Nf6 {[%clk 1:41:25]} 5. Nc3 {[%clk 1:41:54]}  Nxd5 {[%clk 1:41:40]} 6. Nf3 {[%clk 1:42:10]}  Nc6 {[%clk 1:41:19]} 7. Bb5 {[%clk 1:42:06]}  e6 {[%clk 1:38:57]} 8. O-O {[%clk 1:42:05]}  Be7 {[%clk 1:38:43]} 9. d4 {[%clk 1:41:52]}  O-O {[%clk 1:38:40]} 10. Re1 {[%clk 1:36:29]}  Bf6 {[%clk 1:37:10]} 11. Ne4 {[%clk 1:34:20]}  Be7 {[%clk 1:33:30]} 12. a3 {[%clk 1:32:11]}  Nf6 {[%clk 1:27:37]} 13. Nc3 {[%clk 1:25:39]}  a6 {[%clk 1:21:38]} 14. Bxc6 {[%clk 1:17:08]}  bxc6 {[%clk 1:22:06]} 15. Ne5 {[%clk 1:17:03]}  Qc7 {[%clk 1:17:14]} 16. Bf4 {[%clk 1:08:03]}  Bd6 {[%clk 1:15:20]} 17. Rc1 {[%clk 1:07:56]}  Bb7 {[%clk 1:13:33]} 18. Na4 {[%clk 1:07:19]}  Nd5 {[%clk 1:11:55]} 19. Bg3 {[%clk 1:06:56]}  Rac8 {[%clk 1:08:20]} 20. Nc5 {[%clk 1:06:25]}  Bxc5 {[%clk 1:00:07]} 21. Rxc5 {[%clk 1:06:21]}  Rfd8 {[%clk 0:58:05]} 22. Nxc6 {[%clk 1:00:38]}  Qxc6 {[%clk 0:58:32]} 23. Rxc6 {[%clk 1:00:46]}  Rxc6 {[%clk 0:56:13]} 24. h4 {[%clk 0:59:54]}  Ne7 {[%clk 0:49:55]} 25. Qb3 {[%clk 0:52:11]}  Ba8 {[%clk 0:49:19]} 26. Rd1 {[%clk 0:49:22]}  Nf5 {[%clk 0:46:30]} 27. Bf4 {[%clk 0:41:32]}  Rcc8 {[%clk 0:42:10]} 28. Be3 {[%clk 0:39:55]}  Bd5 {[%clk 0:39:11]} 29. Qd3 {[%clk 0:37:04]}  Bc4 {[%clk 0:34:11]} 30. Qb1 {[%clk 0:34:45]}  a5 {[%clk 0:29:08]} 31. b3 {[%clk 0:33:03]}  Bd5 {[%clk 0:25:06]} 32. Bd2 {[%clk 0:27:36]}  Nxd4 {[%clk 0:20:57]} 33. Bxa5 {[%clk 0:27:18]}  Ne2+ {[%clk 0:18:11]} 34. Kf1 {[%clk 0:22:17]}  Nc3 {[%clk 0:18:24]} 35. Bxc3 {[%clk 0:22:16]}  Rxc3 {[%clk 0:18:52]} 36. Kg1 {[%clk 0:16:44]}  Rb8 {[%clk 0:17:56]} 37. b4 {[%clk 0:14:27]}  Rxa3 {[%clk 0:17:37]} 38. Rd4 {[%clk 0:11:14]}  h5 {[%clk 0:13:20]} 39. Qe1 {[%clk 0:09:08]}  Rba8 {[%clk 0:11:08]} 40. Kh2 {[%clk 0:07:37]}  g6 {[%clk 0:06:46]} 41. Qe5 {[%clk 0:02:58]}  R8a7 {[%clk 0:05:15]} 1/2-1/2

[Event "Masters Tournament (MTO)"]
[Site "Biel, CH"]
[Date "2025.07.16"]
[Round "3"]
[White "Marcenaro, Alessandro"]
[Black "Aryan Goyal"]
[Result "1-0"]
[Board "55"]
[WhiteFideId "28554094"]
[BlackFideId "366108825"]
[WhiteElo "2160"]
[BlackElo "1906"]
[WhiteTeam "ITA"]
[BlackTeam "IND"]
[WhiteClock "0:01:55"]
[BlackClock "0:00:36"]
[Variant "Standard"]

1. e4 {[%clk 1:40:42]}  e5 {[%clk 1:40:34]} 2. Nf3 {[%clk 1:39:35]}  Nc6 {[%clk 1:40:41]} 3. Nc3 {[%clk 1:39:50]}  Nf6 {[%clk 1:41:09]} 4. Bb5 {[%clk 1:40:05]}  Bb4 {[%clk 1:40:59]} 5. O-O {[%clk 1:40:15]}  O-O {[%clk 1:40:50]} 6. d3 {[%clk 1:39:56]}  d6 {[%clk 1:40:48]} 7. Bg5 {[%clk 1:39:46]}  Bxc3 {[%clk 1:40:57]} 8. bxc3 {[%clk 1:39:11]}  Qe7 {[%clk 1:39:41]} 9. Re1 {[%clk 1:37:32]}  Nd8 {[%clk 1:40:39]} 10. d4 {[%clk 1:35:04]}  Ne6 {[%clk 1:40:20]} 11. Bc1 {[%clk 1:34:58]}  c5 {[%clk 1:35:59]} 12. d5 {[%clk 1:30:12]}  Nc7 {[%clk 1:29:38]} 13. Bd3 {[%clk 1:25:29]}  h6 {[%clk 1:18:44]} 14. a4 {[%clk 1:09:35]}  Bg4 {[%clk 1:26:49]} 15. h3 {[%clk 1:08:33]}  Bh5 {[%clk 1:25:51]} 16. g4 {[%clk 1:00:58]}  Bg6 {[%clk 1:21:52]} 17. Nh4 {[%clk 0:56:55]}  Nh7 {[%clk 1:13:29]} 18. Ng2 {[%clk 0:47:24]}  Nf6 {[%clk 0:54:15]} 19. Qf3 {[%clk 0:42:32]}  Nce8 {[%clk 0:41:08]} 20. Ne3 {[%clk 0:38:02]}  Nh7 {[%clk 0:34:37]} 21. Qg3 {[%clk 0:35:39]}  h5 {[%clk 0:27:40]} 22. gxh5 {[%clk 0:26:10]}  Bxh5 {[%clk 0:27:30]} 23. Nf5 {[%clk 0:26:30]}  Qf6 {[%clk 0:27:10]} 24. f4 {[%clk 0:23:24]}  Kh8 {[%clk 0:24:19]} 25. fxe5 {[%clk 0:22:40]}  dxe5 {[%clk 0:24:13]} 26. Rb1 {[%clk 0:20:55]}  b6 {[%clk 0:22:20]} 27. a5 {[%clk 0:20:02]}  Rb8 {[%clk 0:22:13]} 28. Rf1 {[%clk 0:17:59]}  Qg6 {[%clk 0:20:16]} 29. Be3 {[%clk 0:17:33]}  Nc7 {[%clk 0:18:38]} 30. Rb2 {[%clk 0:14:22]}  Nf6 {[%clk 0:17:03]} 31. Rfb1 {[%clk 0:14:15]}  c4 {[%clk 0:13:15]} 32. Bxc4 {[%clk 0:09:09]}  Nxe4 {[%clk 0:12:18]} 33. Qxg6 {[%clk 0:09:29]}  fxg6 {[%clk 0:10:11]} 34. Ne7 {[%clk 0:09:15]}  Nxc3 {[%clk 0:09:20]} 35. Re1 {[%clk 0:05:04]}  Ne8 {[%clk 0:04:03]} 36. axb6 {[%clk 0:05:09]}  axb6 {[%clk 0:02:33]} 37. Rxb6 {[%clk 0:04:03]}  Rxb6 {[%clk 0:02:24]} 38. Bxb6 {[%clk 0:04:28]}  Nd6 {[%clk 0:02:22]} 39. Bf1 {[%clk 0:03:04]}  Nde4 {[%clk 0:01:02]} 40. Bg2 {[%clk 0:02:17]}  Ne2+ {[%clk 0:00:36]} 41. Rxe2 {[%clk 0:01:55]} 1-0